000 00488nam a2200181Ia 4500
008 180921t2016 xxu||||| |||| 00| 0 sin d
041 _asin
080 _a8C2
_bWIL
100 _aWiliyams,Tenis
245 _aඅආශාවේ වීදිරිය
246 _aAshawe Weediriya
260 _bChandrani Buddipala
_as.I.
_c2016
300 _b215p, 21cm
700 _aMahawedage Champa Pushpa Buddipala
_etr.
942 _cBK
999 _c6396
_d6396
003 LK-CoDNM
040 _aLK-CoDNM
_dLK-CoDNM
_eLK-CoDNM